LEADER 01062cam0-22004091i-450- 001 990000465410403321 005 20080605114219.0 035 $a000046541 035 $aFED01000046541 035 $a(Aleph)000046541FED01 035 $a000046541 100 $a20020821d1961----km-y0itay50------ba 101 0 $aita 102 $aIT 105 $aa-------001yy 200 1 $aElettrotecnica generale$fGuido Maione 210 $aNapoli$cTreves$d1961 215 $av.$cill.$d24 cm 610 0 $aElettrotecnica 676 $a537 676 $a621.3 676 $a621.31 700 1$aMaione,$bGuido$0331274 801 0$aIT$bUNINA$gRICA$2UNIMARC 901 $aBK 912 $a990000465410403321 952 $a10 C II 26$b3941$fDINEL 952 $a10 C II 27$b3941$fDINEL 952 $a04 042-20/2$bCA$fDINCH 952 $a04 042-20/1$bCA$fDINCH 952 $a13 B 55 18$b24793/b$fFINBC 952 $a13 B 55 17$b24793/a$fFINBC 959 $aDINEL 959 $aDINCH 959 $aFINBC 996 $aElettrotecnica generale$9334994 997 $aUNINA